Challenges of branding among SMEs in Ghana A cross-sectional study in the greater Accra region

Bibliográfiai részletek
Szerzők: Rexford Amankwah Ebenezer
Miller Marian Esther
Dokumentumtípus: Könyv része
Megjelent: Budapesti Gazdaságtudományi Egyetem Budapest 2025
Sorozat:Szemelvények a BGE kutatásaiból 2024
Tárgyszavak:
doi:10.29180/978-615-6886-21-7_17

Kulcsszavak:brands
SMEs
Ghana
Greater Accra
challenges
Online Access:http://publikaciotar.uni-bge.hu/2580

MARC

LEADER 00000naa a2200000 i 4500
001 publ2580
005 20251125135134.0
008 251125s2025 hu o 000 zxx d
020 |a 978-615-6886-21-7 
024 |a 10.29180/978-615-6886-21-7_17  |2 doi 
040 |a BGE Publikációtár Repozitórium  |b hun 
100 1 |a Rexford Amankwah Ebenezer 
245 1 0 |a Challenges of branding among SMEs in Ghana  |b A cross-sectional study in the greater Accra region  |c Rexford Amankwah Ebenezer  |h [elektronikus dokumentum] 
260 |a Budapesti Gazdaságtudományi Egyetem  |b Budapest  |c 2025 
300 |a 160-166 
490 0 |a Szemelvények a BGE kutatásaiból 2024 
650 4 |a gazdálkodás- és szervezéstudományok 
695 |a brands 
695 |a SMEs 
695 |a Ghana 
695 |a Greater Accra 
695 |a challenges 
700 1 |a Miller Marian Esther  |e aut 
856 4 0 |u https://publikaciotar.uni-bge.hu/id/eprint/2580/1/BGE%20Szemelv%C3%A9nyek%202024%20III.%20k%C3%B6tet_17.pdf  |z Dokumentum-elérés